000 00264nam a22001097a 4500
008 170112b xxu||||| |||| 00| 0 eng d
020 _a9996002497
041 _aeng
080 _a618.2
245 _aMEDICAL SURGICAL NURSING
_cIGNATAVICIUS & WORKMAN
942 _2udc
_cBK
999 _c2753
_d2753